[Event "Asian Hybrid"]
[Site "Tornelo INT"]
[Date "2021.05.27"]
[Round "7"]
[White "Gholami, Aryan"]
[Black "Asuela, Ellan"]
[Result "1-0"]
[WhiteElo "2513"]
[BlackElo "2248"]
[PlyCount "61"]
[EventDate "2021.05.21"]
[EventType "swiss"]
[EventRounds "9"]
[EventCountry "NET"]
[SourceTitle "CBM 202 Extra"]
[Source "ChessBase"]
[SourceDate "2021.07.31"]
[SourceVersion "1"]
[SourceVersionDate "2021.07.31"]
[SourceQuality "1"]

1. d4 c5 2. dxc5 Na6 3. Nc3 Nxc5 4. e4 d6 5. Be3 Nd7 6. Nf3 a6 7. a4 Ngf6 8. a5 Ng4 9. Bf4 b5 10. axb6 Qxb6 11. Bg3 e6 12. Nd2 Nge5 13. f4 Nc6 14. Nc4 Qb8 15. Qd2 Nd8 16. Rd1 Nb7 17. f5 e5 18. Bh4 Nbc5 19. Nxd6+ Bxd6 20. Qxd6 Qxd6 21. Rxd6 Bb7 22. Bc4 f6 23. 0-0 Nxe4 24. Nxe4 Bxe4 25. Be1 a5 26. b4 a4 27. b5 a3 28. Bb4 Bxc2 29. Be6 Nb8 30. Rd2 Ba4 31. Rc1 1-0

[Event "Asian Hybrid"]
[Site "Tornelo INT"]
[Date "2021.05.22"]
[Round "2"]
[White "Asuela, Ellan"]
[Black "Lei, Tingjie"]
[Result "0-1"]
[WhiteElo "2248"]
[BlackElo "2505"]
[PlyCount "122"]
[EventDate "2021.05.21"]
[EventType "swiss"]
[EventRounds "9"]
[EventCountry "NET"]
[SourceTitle "CBM 202 Extra"]
[Source "ChessBase"]
[SourceDate "2021.07.31"]
[SourceVersion "1"]
[SourceVersionDate "2021.07.31"]
[SourceQuality "1"]

1. e4 c5 2. Nf3 e6 3. d4 cxd4 4. Nxd4 Nc6 5. Nc3 Qc7 6. Be2 Nf6 7. Be3 a6 8. 0-0 Be7 9. f4 d6 10. Qe1 0-0 11. Qg3 Nxd4 12. Bxd4 b5 13. Rad1 b4 14. e5 dxe5 15. fxe5 Nd7 16. Ne4 Bb7 17. Nd6 Bd5 18. c4 bxc3 19. bxc3 f6 20. exf6 Bxf6 21. Rxf6 Nxf6 22. c4 Bc6 23. Bd3 Nh5 24. Qh4 Qxd6 25. Bxh7+ Kxh7 26. Qxh5+ Kg8 27. Bxg7 Qf4 28. Qh8+ Kf7 29. Bxf8 Rxf8 30. Qh7+ Ke8 31. Qh5+ Rf7 32. Qh8+ Rf8 33. Qh5+ Qf7 34. Qc5 Bb7 35. Qd4 Qc7 36. Qh4 Qc5+ 37. Kh1 Qc7 38. Kg1 Qc5+ 39. Kh1 Qe7 40. Qg3 e5 41. h3 Qe6 42. Qh4 Qf6 43. Qg3 Bc6 44. c5 Be4 45. Re1 Qf4 46. Qg7 Rf7 47. Qg8+ Ke7 48. Rd1 Bd3 49. c6 e4 50. Qc8 Kf6 51. Qh8+ Kg6 52. Qg8+ Rg7 53. Qe8+ Kh7 54. Qh5+ Qh6 55. Qxh6+ Kxh6 56. Rc1 Rc7 57. Rc3 Kg5 58. g3 Kf5 59. Rc5+ Ke6 60. Kg2 Kd6 61. Rc3 Kd5 0-1

[Event "Zonal 3.3 Online"]
[Site "Tornelo INT"]
[Date "2021.05.08"]
[Round "8"]
[White "Taher, Yoseph Theolifus"]
[Black "Asuela, Ellan"]
[Result "1/2-1/2"]
[WhiteElo "2455"]
[BlackElo "2248"]
[PlyCount "83"]
[EventDate "2021.05.01"]
[EventType "swiss"]
[EventRounds "9"]
[EventCountry "PHI"]
[SourceTitle "CBM 202 Extra"]
[Source "ChessBase"]
[SourceDate "2021.07.31"]
[SourceVersion "1"]
[SourceVersionDate "2021.07.31"]
[SourceQuality "1"]

1. d4 c5 2. d5 g6 3. e4 d6 4. Nc3 Bg7 5. Nf3 Nf6 6. Bb5+ Nfd7 7. a4 Na6 8. 0-0 Nc7 9. Be2 0-0 10. Bf4 Rb8 11. Qd2 b6 12. Rfe1 a6 13. Bh6 Ne5 14. Nxe5 dxe5 15. Be3 Qd6 16. a5 b5 17. Na2 Ne8 18. Qc3 c4 19. b3 cxb3 20. cxb3 Bb7 21. Rac1 Rc8 22. Qb4 Qxb4 23. Nxb4 Nd6 24. f3 f5 25. Nd3 fxe4 26. fxe4 Rxc1 27. Rxc1 Nxe4 28. Rc7 Bxd5 29. Nb4 Bxb3 30. Nxa6 Nd6 31. Bb6 Bc4 32. Bxc4+ Nxc4 33. Rxe7 Bh6 34. g3 Nxb6 35. axb6 Be3+ 36. Kg2 Bxb6 37. Rxe5 Rf2+ 38. Kh3 Rb2 39. Nc5 h5 40. Nd3 Rd2 41. Nf4 b4 42. Rb5 1/2-1/2

[Event "Bacolod Negros op"]
[Site "Bacolod"]
[Date "2017.10.18"]
[Round "8"]
[White "Asuela, Ellan"]
[Black "San Diego, Marie Antoinette"]
[Result "1-0"]
[WhiteElo "2275"]
[BlackElo "2032"]
[PlyCount "115"]
[EventDate "2017.10.11"]
[EventType "swiss"]
[EventRounds "9"]
[EventCountry "PHI"]
[SourceTitle "CBM 181 Extra"]
[Source "ChessBase"]
[SourceDate "2017.12.12"]
[SourceVersion "1"]
[SourceVersionDate "2017.12.12"]
[SourceQuality "1"]

1. e4 c5 2. Nf3 Nc6 3. c4 g6 4. d4 cxd4 5. Nxd4 d6 6. Nc2 Bg7 7. Be2 Nf6 8. Nc3 0-0 9. 0-0 Nd7 10. Bd2 Nc5 11. f3 f5 12. b4 Ne6 13. exf5 Rxf5 14. Ne3 Rf8 15. Ned5 Rf7 16. b5 Ncd4 17. Be3 Nxe2+ 18. Qxe2 Nd4 19. Qd2 e5 20. Bxd4 exd4 21. Ne4 Be6 22. Ng5 Bxd5 23. cxd5 Re7 24. Ne6 Qe8 25. Rac1 Qf7 26. Rc4 Rae8 27. Rfc1 Qf5 28. Rc8 Kf7 29. Rxe8 Kxe8 30. Rc8+ Kf7 31. g4 Qe5 32. Ng5+ Kf6 33. Nxh7+ Kf7 34. Ng5+ Kf6 35. Ne4+ Kf7 36. Rd8 Rc7 37. Rxd6 d3 38. Qxd3 Qd4+ 39. Qxd4 Bxd4+ 40. Kf1 Be5 41. Ng5+ Kg7 42. Ne6+ Kf7 43. Nxc7 Bxd6 44. Ne6 Bxh2 45. f4 Bg3 46. Kg2 Be1 47. Kf3 Ke7 48. Ke4 Kd6 49. Nf8 Kc5 50. Nxg6 Kxb5 51. f5 Bc3 52. Ne5 Kc5 53. f6 Kd6 54. f7 Ke7 55. d6+ Kf8 56. d7 Ba5 57. Kf5 Bd8 58. Ke6 1-0

[Event "Bacolod Negros op"]
[Site "Bacolod"]
[Date "2017.10.13"]
[Round "3"]
[White "Asuela, Ellan"]
[Black "Tran, Tuan Minh"]
[Result "1/2-1/2"]
[WhiteElo "2275"]
[BlackElo "2558"]
[PlyCount "103"]
[EventDate "2017.10.11"]
[EventType "swiss"]
[EventRounds "9"]
[EventCountry "PHI"]
[SourceTitle "CBM 181 Extra"]
[Source "ChessBase"]
[SourceDate "2017.12.12"]
[SourceVersion "1"]
[SourceVersionDate "2017.12.12"]
[SourceQuality "1"]

1. e4 c5 2. c4 Nc6 3. Ne2 g6 4. d4 cxd4 5. Nxd4 Bg7 6. Nc2 d6 7. Be2 Qb6 8. Nc3 Bxc3+ 9. bxc3 Nf6 10. f3 Be6 11. Nd4 0-0 12. Be3 Nxd4 13. Bxd4 Qc6 14. Bxf6 exf6 15. Qd4 Rfc8 16. 0-0 Bxc4 17. Bxc4 Qxc4 18. Qxf6 Qxc3 19. Qxd6 Qe3+ 20. Kh1 Rc2 21. Qd5 Qd2 22. Qxd2 Rxd2 23. Rfd1 Rad8 24. Rxd2 Rxd2 25. a4 Kf8 26. h4 Ke7 27. Rb1 Rd7 28. Kg1 b6 29. a5 bxa5 30. Ra1 a6 31. Rxa5 Ra7 32. Kf2 Kd6 33. Ke3 Kc6 34. Kd4 Kb6 35. Ra2 a5 36. Ke5 Kc5 37. Kf6 a4 38. e5 a3 39. f4 Kb4 40. g4 Kb3 41. Ra1 Ra4 42. Kxf7 Rxf4+ 43. Kg7 Rxg4 44. Kxh7 a2 45. e6 Re4 46. Kxg6 Rxe6+ 47. Kf5 Ra6 48. h5 Kc4 49. h6 Kb3 50. Kg5 Kb2 51. Rxa2+ Kxa2 52. h7 1/2-1/2

[Event "Thailand op 15th"]
[Site "Pattaya"]
[Date "2015.04.13"]
[Round "2"]
[White "Asuela, Ellan"]
[Black "Short, Nigel D"]
[Result "0-1"]
[WhiteElo "2280"]
[BlackElo "2664"]
[PlyCount "79"]
[EventDate "2015.04.12"]
[EventType "swiss"]
[EventRounds "9"]
[EventCountry "THA"]
[SourceTitle "CBM 166 Extra"]
[Source "ChessBase"]
[SourceDate "2015.06.18"]
[SourceVersion "1"]
[SourceVersionDate "2015.06.18"]
[SourceQuality "1"]

1. d4 Nf6 2. Nf3 e6 3. Bf4 d5 4. e3 Bd6 5. Bg3 0-0 6. Nbd2 b6 7. c4 Bb7 8. Rc1 Qe7 9. Bh4 dxc4 10. Bxc4 Nbd7 11. 0-0 e5 12. d5 h6 13. e4 a6 14. Bd3 Rfc8 15. Nc4 c6 16. dxc6 Rxc6 17. Ne3 Rxc1 18. Qxc1 Rc8 19. Qd1 Qe8 20. Bc4 Bf8 21. Bd5 Nxd5 22. Nxd5 Qe6 23. h3 Nc5 24. Qe2 Nxe4 25. Qxe4 Bxd5 26. Qxe5 Bxa2 27. Ra1 a5 28. Bg3 Bd5 29. Qxe6 Bxe6 30. Be5 Bb4 31. Bd4 b5 32. Bb6 a4 33. Nd4 Bd7 34. Rd1 Bf8 35. Ne2 Be8 36. Nc3 b4 37. Ne4 a3 38. bxa3 bxa3 39. Ra1 Rc2 40. Ba5 0-1

[Event "Bangkok op 14th"]
[Site "Bangkok"]
[Date "2014.04.13"]
[Round "2"]
[White "Asuela, Ellan"]
[Black "Rohan, Ahuja"]
[Result "1/2-1/2"]
[WhiteElo "2312"]
[BlackElo "2154"]
[PlyCount "120"]
[EventDate "2014.04.12"]
[EventType "swiss"]
[EventRounds "9"]
[EventCountry "THA"]
[SourceTitle "CBM 159 Extra"]
[Source "ChessBase"]
[SourceDate "2014.04.24"]
[SourceVersion "1"]
[SourceVersionDate "2014.04.24"]
[SourceQuality "1"]

1. e4 e5 2. Nf3 Nc6 3. d4 exd4 4. Bc4 Bc5 5. Ng5 Nh6 6. Nxf7 Nxf7 7. Bxf7+ Kxf7 8. Qh5+ Kf8 9. Qxc5+ d6 10. Qc4 Qf6 11. 0-0 Be6 12. Qb5 Rb8 13. f4 a6 14. Qe2 Re8 15. Nd2 d3 16. cxd3 Qd4+ 17. Kh1 Nb4 18. f5 Bf7 19. f6 gxf6 20. Nf3 Qxd3 21. Bh6+ Ke7 22. Qf2 Kd7 23. e5 Qg6 24. Qd2 Nd5 25. exd6 cxd6 26. Bf4 Nxf4 27. Qxf4 Re4 28. Qd2 Rhe8 29. Rad1 d5 30. Nd4 Rg8 31. Rg1 Qh5 32. Qf2 Qe5 33. Rgf1 Rg6 34. Nf3 Qd6 35. a3 b6 36. Rd3 Rgg4 37. Rfd1 Qc5 38. Qd2 h5 39. Nd4 Qd6 40. Rc1 Qf4 41. Qc3 Rxd4 42. Qc8+ Ke7 43. Rf3 Rc4 44. Rxc4 Qxc4 45. Re3+ Re4 46. Qxc4 Rxe3 47. Qc7+ Kf8 48. Kg1 Rb3 49. Qc2 d4 50. Kf2 Kg7 51. Qd2 d3 52. Ke3 Rb5 53. Qc3 Rd5 54. Kd2 Rc5 55. Qb4 Bg6 56. Qxb6 Rc2+ 57. Kd1 h4 58. Qa7+ Kg8 59. Qb8+ Kg7 60. Qa7+ Kg8 1/2-1/2